| 000 | 01653ngm a22003850a 4500 | ||
|---|---|---|---|
| 001 | PT58521 | ||
| 003 | AR-LpoUNG | ||
| 005 | 20210202000129.0 | ||
| 007 | vd cvaizq | ||
| 008 | 191001s2007||||ag |||||||||||||||||spa d | ||
| 040 |
_aAR-LpoUNG _bspa _cAR-LpoUNG _eaacr |
||
| 041 | _aspa | ||
| 044 | _aag | ||
| 082 | 0 | _a306.368 421noc | |
| 100 | 1 |
_aCéspedes, Marcelo _edir. |
|
| 245 | 1 | 3 | _aLa noche eterna |
| 260 |
_aBuenos Aires : _bCine Ojo, _c2007. |
||
| 300 | _aDVD (103 min.) : son., col. | ||
| 505 | 0 | _aLa noche eterna: hecha en 1991 en Argentina. Duración: 80 min. Guión: Marcelo Céspedes, Carmen Guarini. Música: Edgardo Rudnitzky. Fotografía: Andrés Silvart. Por una tierra nuestra: hecha en 1985 en Argentina. Duración: 22 min. | |
| 520 | _aLa noche eterna: La palabra de los mineros de Río Turbio y sus mujeres. Un testimonio sobre la dignidad humana hecha de un pasado de sacrificios y un futuro incierto. Por una tierra nuestra: La ocupación de tierras (antiguos basurales) por cientos de familias sin techo en Buenos Aires. Son los mismos protagonistas del hecho quienes dan testimonio de la organización que emprendieron para poder construir sus propias viviendas y de la lucha por el derecho a poseer sus propias tierras. | ||
| 650 | 4 | _aARGENTINA | |
| 650 | 4 | _aDESARROLLO MINERO | |
| 650 | 4 | _aMINERIA DEL CARBON | |
| 650 | 4 | _aMINEROS | |
| 650 | 4 | _aPERSONAS SIN TIERRAS | |
| 650 | 4 | _aPROPIEDAD DE LA TIERRA | |
| 650 | 4 | _aTRABAJADORES | |
| 653 | _aCINE ARGENTINO | ||
| 653 | _aDOCUMENTALES | ||
| 653 | _aDVD | ||
| 653 | _aVIDEOS | ||
| 700 | 1 |
_aGuarini, Carmen _edir. |
|
| 905 | _a58521 | ||
| 942 | _cDVD | ||
| 999 |
_c54170 _d54170 |
||